| 000 | 01014nam a22002777a 4500 | ||
|---|---|---|---|
| 005 | 20090604123358.0 | ||
| 008 | 090216t xxu||||| |||| 00| 0 eng d | ||
| 010 | _aENG-93874 | ||
| 020 |
_c295.00 _a9788178001527 |
||
| 035 | _aEN-77407 | ||
| 037 | _bDBAD / PUB | ||
| 040 |
_adpl _bEnglish |
||
| 082 | _a570 | ||
| 100 | _aVaidyanath, K. | ||
| 245 |
_aIntrouction to biology and biotechnology / _cby K. Vaidyanath, K. Pratap Reddy [and] K. Satya Prasad |
||
| 250 | _a2nd ed. | ||
| 260 |
_aHyderabad _bBS Publications _c2008 |
||
| 270 |
_a4-4-309, Giriraj Lane, Sulta Bazar, _bHyderabad _e600095 |
||
| 300 |
_axxiv, 652p.: _c25cm(pbk) _bill. |
||
| 500 | _aIncludes bibliographical references and index | ||
| 700 | _aReddy, K. Pratap | ||
| 700 | _aPrasad, K. Satya | ||
| 942 |
_2ddc _cEN _mVAI _h570 |
||
| 999 |
_c27213 _d27213 |
||